000 00830nam a2200241 i 4500
001 5378
003 ES-MaACL
005 20250728062550.0
007 t|
008 880608s1983 sp ||||1| spa d
020 _a84-7476-060-0
080 _a323.17(46)"18/19"
100 1 _aLópez Aranguren, Eduardo María.
_973411
245 1 3 _aLa Conciencia regional en el proceso autonómico español /
_cEduardo López-Aranguren.
260 _aMadrid :
_bCentro de Investigaciones Sociológicas,
_c1983.
300 _a269 p. ;
_c20 cm.
490 1 _aMonografías ;
_v6l
500 _aBibliografia. Indice.
650 1 4 _aRegionalismo-
_zEspaña-
_y1975-
_916750
830 0 0 _aMonografías (Centro de Estudios Benaventanos "Ledo del Pozo")
_v6l
_9177262
852 _aES-MaACL
_jL-12059
_bR.115164
_z. - Rust.
999 _c5378
_d5378